| 000 | 00928nam0a22002771 4500 | ||
|---|---|---|---|
| 001 | RU\INFOCOMM_322\NLR\5000228668 | ||
| 005 | 20250613112211.0 | ||
| 035 | _a(NLR Aleph) 009606254 | ||
| 090 |
_a9342763 _c9342763 |
||
| 100 | _a20130313d1973 |||y0rusy50 ca | ||
| 101 | 1 |
_aeng _crus |
|
| 102 | _aRU | ||
| 105 | _ay z ||||| | ||
| 200 | 1 |
_aProblems of the history of philosophy _e[Transl. from the Russ.] _fTheodor Oizerman |
|
| 210 |
_aM. _c"Progress" _d1973 |
||
| 215 |
_a464 с. _d18 см |
||
| 300 | _aНа обороте тит. л.: Т. Ойзерман. Проблемы историко-философской науки | ||
| 620 | _aМосква | ||
| 686 |
_aФзв _2rubbk |
||
| 700 | 1 |
_9z01790 _aOjzerman _bT. I. _f1914- _gTeodor Il'ič |
|
| 790 | 1 |
_9z01700 _aOizerman _bTh. _gTheodor _4070 |
|
| 801 | 1 |
_aRU _bInfocomm _c20130313 |
|
| 801 | 0 |
_aRU _bINFOCOMM _gPSBO |
|
| 852 |
_aNLR _jД01 Д-3/212 |
||
| 942 | _cBOOK | ||
| 980 | _aNB | ||